| 000 | 00630nam a2200181 i 4500 | ||
|---|---|---|---|
| 001 | 85775 | ||
| 003 | ES-MaACL | ||
| 005 | 20230906175315.0 | ||
| 007 | t| | ||
| 008 | 041201s1959 sp ||||1| spa d | ||
| 100 | 1 |
_aJungk, Robert. _967300 |
|
| 245 | 1 | 0 |
_aMás brillante que mil soles _b: los hombres del átomo ante la historia y ante su conciencia / _cRobert Jungk ; [traducido del alemán por Ana M. Schuluter Rodes]. |
| 250 | _a[1ª ed.]. | ||
| 260 |
_aBarcelona : _bArgos, _c[1959] ( _fRaiclán) |
||
| 300 |
_a315 p., 7 lám. ; _c22 cm. |
||
| 700 | 1 |
_aSchluter Rodes, Ana M. _9104441 |
|
| 852 |
_aES-MaACL _jC-16462 _bR.44418 |
||
| 999 |
_c85775 _d85775 |
||